[Event "Saarland-ch Seniors 87th"]
[Site "Voelklingen"]
[Date "2012.04.02"]
[Round "4"]
[White "Wirtz, Heinz"]
[Black "Loew, Bernd"]
[Result "1/2-1/2"]
[WhiteElo "1633"]
[BlackElo "1656"]
[PlyCount "174"]
[EventDate "2012.03.30"]
[EventType "swiss"]
[EventRounds "7"]
[EventCountry "GER"]
[SourceTitle "EXT 2013"]
[Source "ChessBase"]
[SourceDate "2012.11.22"]
[SourceVersion "1"]
[SourceVersionDate "2012.11.22"]
[SourceQuality "1"]

1. d4 b6 2. Nf3 Bb7 3. e3 e6 4. Be2 Nf6 5. 0-0 c5 6. c3 Nc6 7. Nbd2 Be7 8. b3 cxd4 9. cxd4 0-0 10. Bb2 a6 11. Rc1 Rc8 12. a3 d6 13. Ne1 Qd7 14. Ndf3 h6 15. Nd3 Rfd8 16. Rc2 Na5 17. Nb4 Rxc2 18. Qxc2 Rc8 19. Qd1 b5 20. Nd2 Nd5 21. Nxd5 Bxd5 22. Bf3 Qc6 23. e4 Qc2 24. exd5 Qxb2 25. dxe6 fxe6 26. Bg4 Rf8 27. Bxe6+ Kh8 28. b4 Nc6 29. Qc1 Qxc1 30. Rxc1 Nxd4 31. Bg4 Bg5 32. Rd1 Nc2 33. Nb1 Re8 34. Bf5 Nd4 35. Bd3 Bf6 36. Kf1 Kg8 37. Nd2 d5 38. Nb1 Nc6 39. Bf5 Ne7 40. Be6+ Kf8 41. Bxd5 Rd8 42. Bb3 Rxd1+ 43. Bxd1 Nd5 44. Bf3 Nc7 45. Ke2 Ke7 46. Kd3 Kd6 47. Nc3 Ke6 48. Bb7 Bg5 49. g3 Bc1 50. Ne2 Bb2 51. Nd4+ Kd7 52. Nc2 Kd6 53. Ke4 Ke7 54. f4 Kf6 55. g4 g6 56. h4 Bc1 57. Bc8 g5 58. hxg5+ hxg5 59. fxg5+ Bxg5 60. Kd4 Ke7 61. Kc5 Kd8 62. Bf5 Bd2 63. Kc6 a5 64. Kb6 axb4 65. axb4 Bf4 66. Na3 Bd2 67. Ka5 Nd5 68. Nc2 Nc7 69. Be4 Ne8 70. Na3 Nd6 71. Bf3 Nc4+ 72. Nxc4 bxc4 73. Ka4 Kc7 74. b5 Kb6 75. Be4 Kc5 76. Bc6 Bg5 77. Ka3 Bf6 78. Ka2 Kb6 79. Kb1 Kc5 80. Kc2 Kb6 81. Kd2 Kc5 82. Ke3 Bd4+ 83. Ke4 Bf6 84. Kf4 Bd4 85. Ke4 Bf6 86. Ke3 Bg5+ 87. Ke4 Bf6 1/2-1/2

[Event "Saarland-ch Seniors"]
[Site "Schiffweiler"]
[Date "2009.04.11"]
[Round "9"]
[White "Mischke, Luis"]
[Black "Wirtz, Heinz"]
[Result "1/2-1/2"]
[WhiteElo "2099"]
[BlackElo "1612"]
[PlyCount "112"]
[EventDate "2009.04.03"]
[EventType "swiss"]
[EventRounds "9"]
[EventCountry "GER"]
[SourceTitle "EXT 2012"]
[Source "ChessBase"]
[SourceDate "2011.11.24"]
[SourceVersion "1"]
[SourceVersionDate "2011.11.24"]
[SourceQuality "1"]

1. e4 e6 2. d4 d5 3. Nc3 Bb4 4. Nge2 dxe4 5. a3 Be7 6. Nxe4 Nf6 7. Qd3 Nbd7 8. Bf4 0-0 9. 0-0-0 b6 10. N2c3 Bb7 11. f3 Rc8 12. h4 c5 13. dxc5 Nxc5 14. Nxc5 Rxc5 15. Qxd8 Rxd8 16. Bd3 Ne8 17. Bd2 Rcc8 18. Ne4 Nf6 19. Nxf6+ Bxf6 20. Kb1 Rc7 21. Bg5 Bxg5 22. hxg5 g6 23. Rh2 Kg7 24. Rf1 Rh8 25. f4 h6 26. gxh6+ Rxh6 27. Rxh6 Kxh6 28. g3 g5 29. Rf2 gxf4 30. Rxf4 Kg5 31. Kc1 f6 32. Kd2 Bc8 33. Ke3 e5 34. Rc4 Rxc4 35. Bxc4 Kg4 36. Kf2 Kh3 37. Bf1+ Kh2 38. c4 e4 39. b4 e3+ 40. Kxe3 Kxg3 41. c5 bxc5 42. bxc5 f5 43. c6 f4+ 44. Ke4 Kf2 45. Bc4 Kg3 46. a4 f3 47. Ke5 f2 48. Kd6 Kg2 49. Kc7 Be6 50. Ba6 f1Q 51. Bxf1+ Kxf1 52. Kb8 a5 53. Ka7 Ke2 54. Kb6 Kd3 55. Kxa5 Kc4 56. Kb6 Kd5 1/2-1/2

[Event "Saarland-ch Seniors"]
[Site "Schiffweiler"]
[Date "2009.04.05"]
[Round "3"]
[White "Bauer, Werner"]
[Black "Wirtz, Heinz"]
[Result "0-1"]
[WhiteElo "1736"]
[BlackElo "1612"]
[PlyCount "112"]
[EventDate "2009.04.03"]
[EventType "swiss"]
[EventRounds "9"]
[EventCountry "GER"]
[SourceTitle "EXT 2012"]
[Source "ChessBase"]
[SourceDate "2011.11.24"]
[SourceVersion "1"]
[SourceVersionDate "2011.11.24"]
[SourceQuality "1"]

1. Nc3 e6 2. e4 d5 3. exd5 exd5 4. Nf3 Nf6 5. d4 c6 6. Bg5 Be7 7. Bd3 0-0 8. h3 Nh5 9. Qd2 Bxg5 10. Nxg5 Qe7+ 11. Ne2 h6 12. Nf3 Nf6 13. Ne5 Nfd7 14. f4 Nxe5 15. fxe5 f6 16. exf6 Qxf6 17. 0-0-0 Be6 18. c3 Nd7 19. g3 Qf2 20. Nf4 Qxd2+ 21. Kxd2 Bf5 22. Rde1 Bxd3 23. Nxd3 Rae8 24. Rxe8 Rxe8 25. Rf1 Nf6 26. Rf3 Ne4+ 27. Kc2 Ng5 28. Rf1 Nxh3 29. Ne5 Re7 30. Ng6 Rf7 31. Re1 Kh7 32. Ne5 Re7 33. Rf1 Ng5 34. Rf8 Ne4 35. g4 Nf6 36. Rc8 g6 37. b4 h5 38. gxh5 gxh5 39. Rd8 h4 40. Nf3 Re4 41. Ng5+ Kg6 42. Nxe4 dxe4 43. c4 Kg5 44. d5 cxd5 45. cxd5 h3 46. Rh8 Kg4 47. d6 Kg3 48. Rg8+ Nxg8 49. d7 h2 50. d8Q h1Q 51. Qxg8+ Kf2 52. Qf8+ Ke2 53. Qd6 Qf3 54. Qd2+ Kf1 55. Qc1+ Kf2 56. Kb2 Qe2+ 0-1

[Event "Saarland-ch Seniors"]
[Site "Schiffweiler"]
[Date "2009.04.03"]
[Round "1"]
[White "Passeier, Helmut"]
[Black "Wirtz, Heinz"]
[Result "1-0"]
[WhiteElo "1875"]
[BlackElo "1612"]
[PlyCount "83"]
[EventDate "2009.04.03"]
[EventType "swiss"]
[EventRounds "9"]
[EventCountry "GER"]
[SourceTitle "EXT 2012"]
[Source "ChessBase"]
[SourceDate "2011.11.24"]
[SourceVersion "1"]
[SourceVersionDate "2011.11.24"]
[SourceQuality "1"]

1. e4 e6 2. d4 d5 3. Nd2 Nf6 4. e5 Nfd7 5. Bd3 c5 6. c3 Nc6 7. Ne2 Qb6 8. Nf3 cxd4 9. cxd4 Bb4+ 10. Kf1 f5 11. g3 Nf8 12. a3 Be7 13. b4 Bd7 14. Bd2 a6 15. Rb1 Na7 16. a4 Rc8 17. h4 Qd8 18. Kg2 b5 19. a5 g6 20. Bh6 Nc6 21. Qd2 Nxb4 22. Rxb4 Bxb4 23. Qxb4 Qe7 24. Qxe7+ Kxe7 25. Rc1 Rxc1 26. Nxc1 Bc6 27. Bd2 Nd7 28. Bb4+ Ke8 29. Ng5 Nf8 30. Bxf8 Rxf8 31. Nxe6 Rf7 32. Nb3 Bb7 33. Nbc5 Bc8 34. Nf4 Bb7 35. Bc2 Re7 36. Bb3 h6 37. Nxb7 Rxb7 38. Nxd5 b4 39. Nf6+ Kd8 40. d5 Rb5 41. f4 Rxa5 42. d6 1-0

[Event "Saarland-ch Seniors"]
[Site "Eppelborn"]
[Date "2008.03.26"]
[Round "2"]
[White "Bauer, Werner"]
[Black "Wirtz, Heinz"]
[Result "0-1"]
[WhiteElo "1770"]
[BlackElo "2152"]
[PlyCount "100"]
[EventDate "2008.03.15"]
[EventType "swiss"]
[EventRounds "9"]
[EventCountry "GER"]
[SourceTitle "EXT 2010"]
[Source "ChessBase"]
[SourceDate "2010.11.25"]
[SourceVersion "1"]
[SourceVersionDate "2010.11.25"]
[SourceQuality "1"]

1. Nc3 e6 2. e4 d5 3. d4 Bb4 4. Bd2 Bxc3 5. Bxc3 dxe4 6. Qg4 Nf6 7. Qxg7 Rg8 8. Qh6 Nbd7 9. 0-0-0 Rg6 10. Qd2 b6 11. f3 Bb7 12. Qe2 Qe7 13. Nh3 0-0-0 14. Nf2 exf3 15. gxf3 Nd5 16. Bd2 Rdg8 17. Bh3 Qh4 18. Kb1 Nf4 19. Bxf4 Qxf4 20. Bg4 f5 21. Nd3 Qh6 22. h3 fxg4 23. hxg4 Qf8 24. Rhf1 Rf6 25. f4 h6 26. c4 Ba6 27. b3 Bb7 28. Rde1 Qf7 29. Rg1 Kb8 30. Kb2 Bc8 31. Rg3 Rfg6 32. Ne5 Nxe5 33. dxe5 Rd8 34. Kc3 Bb7 35. Qe3 Rd7 36. f5 exf5 37. gxf5 Rxg3 38. Qxg3 Qf8 39. f6 a5 40. Kb2 a4 41. Rg1 a3+ 42. Kc1 Rd8 43. Qc3 Bc8 44. b4 Be6 45. Rg7 Qe8 46. b5 Qh5 47. Rg1 Qh2 48. Re1 Qxa2 49. Re4 Bf5 50. Rd4 Rxd4 0-1

[Event "Saarland-ch Seniors"]
[Site "Eppelborn"]
[Date "2008.03.26"]
[Round "4"]
[White "Wirtz, Heinz"]
[Black "Schumacher, Robert"]
[Result "0-1"]
[WhiteElo "2152"]
[BlackElo "1845"]
[PlyCount "104"]
[EventDate "2008.03.15"]
[EventType "swiss"]
[EventRounds "9"]
[EventCountry "GER"]
[SourceTitle "EXT 2010"]
[Source "ChessBase"]
[SourceDate "2010.11.25"]
[SourceVersion "1"]
[SourceVersionDate "2010.11.25"]
[SourceQuality "1"]

1. d4 Nf6 2. Nf3 d5 3. e3 c5 4. c4 e6 5. cxd5 exd5 6. dxc5 Bxc5 7. Nd4 0-0 8. Be2 Nc6 9. Nxc6 bxc6 10. 0-0 Bb6 11. Qc2 Bb7 12. b3 Re8 13. Bb2 Qe7 14. Bf3 Ne4 15. Bxe4 Qxe4 16. Qxe4 Rxe4 17. Nd2 Re6 18. Nf3 c5 19. Rad1 Rd8 20. Rd2 h6 21. Rfd1 Rde8 22. Kf1 Ba6+ 23. Kg1 Bb7 24. a3 a5 25. Bc3 Rg6 26. Ne1 Rge6 27. Nf3 Rg6 28. Kf1 Ba6+ 29. Kg1 Bb7 30. Kh1 Rge6 31. b4 axb4 32. axb4 cxb4 33. Bd4 Bxd4 34. Nxd4 Rb6 35. Rb2 Rb8 36. Rdb1 Ba6 37. Nc2 b3 38. Nd4 Bc4 39. h4 Kf8 40. Rc1 Ra8 41. Rc3 Ra2 42. Rbxb3 Bxb3 43. Nxb3 Rxf2 44. Rd3 g6 45. Nc5 Rb1+ 46. Kh2 Rbb2 47. Rxd5 Rxg2+ 48. Kh3 Rgd2 49. Re5 Kg7 50. Kg3 Rb1 51. Kf3 Rf1+ 52. Ke4 Rh1 0-1

[Event "Saarland-ch Seniors 26th"]
[Site "Germany"]
[Date "2007.04.07"]
[Round "9"]
[White "Wolf, Margot"]
[Black "Wirtz, Heinz"]
[Result "0-1"]
[WhiteElo "1283"]
[BlackElo "1663"]
[PlyCount "66"]
[EventDate "2007.03.30"]
[EventType "swiss"]
[EventRounds "9"]
[EventCountry "GER"]
[SourceTitle "EXT 2008"]
[Source "ChessBase"]
[SourceDate "2007.11.25"]
[SourceVersion "1"]
[SourceVersionDate "2007.11.25"]
[SourceQuality "1"]

1. d4 e6 2. Nf3 d5 3. Bf4 Nf6 4. e3 Be7 5. Bd3 0-0 6. 0-0 Nbd7 7. c3 b6 8. Nbd2 Bb7 9. Qc2 Rc8 10. e4 dxe4 11. Nxe4 Nxe4 12. Bxe4 Bxe4 13. Qxe4 c5 14. Rad1 Nf6 15. Qe3 Nd5 16. Qc1 Nxf4 17. Qxf4 Qd5 18. Qe3 Qxa2 19. Qc1 cxd4 20. Nxd4 Bf6 21. Qa1 Qxa1 22. Rxa1 Bxd4 23. cxd4 a5 24. f4 Rc2 25. b3 Rfc8 26. h3 h6 27. Rfe1 Rb2 28. Ra3 Rcc2 29. g4 Rg2+ 30. Kf1 Rh2 31. Kg1 Rxh3 32. Rc1 Rd3 33. Rc6 Rd1# 0-1

[Event "Saarland-ch Seniors 26th"]
[Site "Germany"]
[Date "2007.04.05"]
[Round "7"]
[White "Wirtz, Heinz"]
[Black "Becker, Alois"]
[Result "0-1"]
[WhiteElo "1663"]
[BlackElo "1655"]
[PlyCount "104"]
[EventDate "2007.03.30"]
[EventType "swiss"]
[EventRounds "9"]
[EventCountry "GER"]
[SourceTitle "EXT 2008"]
[Source "ChessBase"]
[SourceDate "2007.11.25"]
[SourceVersion "1"]
[SourceVersionDate "2007.11.25"]
[SourceQuality "1"]

1. d4 Nf6 2. e3 g6 3. Nf3 d6 4. Be2 Bg7 5. c3 a5 6. b3 0-0 7. Bb2 Nbd7 8. Nbd2 e5 9. dxe5 dxe5 10. Qc2 Re8 11. c4 b6 12. 0-0 Bb7 13. Rad1 Qe7 14. Nb1 Ne4 15. Nfd2 Nec5 16. Qc3 f5 17. Nf3 Ne4 18. Qc2 Nec5 19. Rd2 Ne4 20. Rdd1 Rad8 21. Nc3 Nxc3 22. Bxc3 e4 23. Nd4 Ne5 24. Ba1 Rd7 25. Nb5 Red8 26. Rxd7 Rxd7 27. Rd1 Qd8 28. Rxd7 Qxd7 29. Bd4 c6 30. Nc3 Qc7 31. Na4 c5 32. Bb2 Bc6 33. Nc3 Qd7 34. Nd1 Kf8 35. Bc3 Bf6 36. h3 Kf7 37. Kf1 h5 38. Qb2 Qd6 39. Qc2 h4 40. Be1 g5 41. Qd2 Qc7 42. Nc3 Nf3 43. Bxf3 exf3 44. Nd5 Qh2 45. gxf3 Qxh3+ 46. Ke2 g4 47. fxg4 Qxg4+ 48. f3 Qg2+ 49. Bf2 h3 50. Qd3 Qg5 51. Qd1 Be5 52. Nf4 Bxf3+ 0-1

[Event "Saarland-ch Seniors 26th"]
[Site "Germany"]
[Date "2007.04.03"]
[Round "5"]
[White "Wirtz, Heinz"]
[Black "Gross, Ernst"]
[Result "1-0"]
[WhiteElo "1663"]
[BlackElo "1584"]
[PlyCount "73"]
[EventDate "2007.03.30"]
[EventType "swiss"]
[EventRounds "9"]
[EventCountry "GER"]
[SourceTitle "EXT 2008"]
[Source "ChessBase"]
[SourceDate "2007.11.25"]
[SourceVersion "1"]
[SourceVersionDate "2007.11.25"]
[SourceQuality "1"]

1. d4 Nf6 2. e3 c6 3. c3 d5 4. Nf3 Bg4 5. Be2 Qc7 6. Nbd2 e6 7. 0-0 Bd6 8. b3 Nbd7 9. Bb2 b6 10. Rc1 e5 11. dxe5 Nxe5 12. h3 Nxf3+ 13. Nxf3 Bd7 14. c4 dxc4 15. Bxf6 gxf6 16. Bxc4 Rg8 17. Kh1 Rg7 18. Qd4 Be5 19. Qe4 Rc8 20. Ba6 Rd8 21. Bb5 Rc8 22. Nd4 f5 23. Nxf5 Rg6 24. f4 Bxf5 25. Qxf5 Bb2 26. Rc2 Ba3 27. Rd1 Re6 28. Bc4 Re7 29. e4 Rd8 30. Rcd2 Rxd2 31. Rxd2 Bc1 32. Rf2 b5 33. Bf1 Be3 34. Rf3 Bb6 35. Qxh7 Rd7 36. e5 c5 37. Bxb5 1-0